|
|
|
|
| LEADER |
00670nab a2200181 i 4500 |
| 001 |
acta13642 |
| 005 |
20210412115148.0 |
| 008 |
161015s1950 hu o 0|| fre d |
| 022 |
|
|
|a 0001-6969
|
| 040 |
|
|
|a SZTE Egyetemi Kiadványok Repozitórium
|b hun
|
| 041 |
|
|
|a fre
|
| 100 |
1 |
|
|a Császár Ákos
|
| 245 |
1 |
0 |
|a Sur les nombres de Lipschitz approximatifs
|h [elektronikus dokumentum] /
|c Császár Ákos
|
| 260 |
|
|
|c 1950
|
| 300 |
|
|
|a 211-214
|
| 490 |
0 |
|
|a Acta scientiarum mathematicarum
|v 12
|
| 695 |
|
|
|a Lipschitz Rudolf Otto Sigismund, Természettudomány, Matematika, Művelődés
|
| 856 |
4 |
0 |
|u http://acta.bibl.u-szeged.hu/13642/1/math_012_pars_b_211-214.pdf
|z Dokumentum-elérés
|